02871nam a2200277 a 4500001001500000005001700015008004100032020003500073020003000108040000600138050001100144082001000155100001900165245007200184250001200256260004800268300002100316490003500337520195000372650001502322830003502337856008202372942001202454999001702466952011002483ASIN080473251520170105102903.0131021s1999 xxu eng d a0804732515 (paperback)c$21.95 a9780804732512 (paperback) a004aPN473104a070.41 aEsch, Deborah.10aIn the event :breading journalism, reading theory /cDeborah Esch. a1st ed. a[S.l.] :bStanford University Press,c1999. a200 p. ;c22 cm.1 aMeridian: crossing aesthetics. aAssuming the burden of reading imposed by the correlation of the order of language and the order of events, this book argues that the possibility of reading and writing history is tied to the endurance of traces of the past and their coming to legibility, allegorically, at a given time. Through attentive readings of a range of texts—including theoretical writings, diaries, newspaper reports, and "live" television broadcasts— In the Event elaborates the ways in which allegory disrupts our presumptions of continuity and simultaneity between the image (whatever its medium) and what we take it to represent. The author demonstrates that a theoretical corpus must be understood not merely as a discrete set of arguments, but as work that takes place in time and on which time itself is at work. Against the temptation to regard a text (including a text of philosophical aesthetics or critical linguistics) as explained or defined by a fixed temporal context, this book emphasizes the textual operation of time. This attention to temporality opens the possibility of reading the notoriously difficult and resistant text of television. The book's central chapters analyze the seductions of "live" broadcasting: an incisive account of news coverage of the Gulf War, for example, reveals how the unproblematic articulation of "live" television with the real has its impulse in a broader realist ideology that finds its opportunity in the failure to reflect on the distances of space and time that characterize the medium. The author also explores the very different punctuality of the journal in evocative readings of the diaries of Alice James and Derek Jarman, both "journals of survival" written at the uncertain boundary of life and death. Here, and throughout the book, the readings argue that what we take to be historical events are actually produced, even constituted, by an array of discursive technologies, including language itself. 0aJournalism 0aMeridian: crossing aesthetics.403Amazon.comuhttp://www.amazon.com/exec/obidos/ASIN/0804732515/chopaconline-20 2ddccBK c14745d14745 001040708NFICaCIPSbCIPScGENd2013-09-13l0o070.4 HAM 1999pCIPS0000982r2013-10-21w2013-10-21yBK